• 首页
  • 本馆介绍
  • 公告通知
  • 最新文献
  • 馆藏检索
  • 电子资源
  • 读者导购
  • 参考咨询
  • 我的图书馆
  • 登录
  • 详细信息显示
  • 放入我的书架
  • 预约/预借图书
  • 作者相关作品
  • 分类相关作品
  • 丛书相关作品
  • 出版社相关作品

书目信息

  • 表格格式
  • 工作单格式
  • 卡片格式
题名:
铁线莲初学者手册
    
 
作者: ;新锐园艺工作室 组编
分册:  
出版信息: 北京   中国农业出版社  2019.09
页数: 185页
开本: 24cm
丛书名: 扫码看视频
单 册:
中图分类: S687.3-62
科图分类:
主题词: 攀缘植物--pan yuan zhi wu--观赏园艺--手册
电子资源:
ISBN: 978-7-109-25909-6
000 01312nam 2200289 450
001 0106081823
005 20201109085457.87
010    @a978-7-109-25909-6@dCNY49.00
100    @a20200408d2019 em y0chiy50 ea
101 0  @achi
102    @aCN@b110000
105    @aa z 000yy
106    @ar
200 1  @a铁线莲初学者手册@Atie xian lian chu xue zhe shou ce@dClematis:a beginner's guide@f新锐园艺工作室组编@zeng
205    @a2版
210    @a北京@c中国农业出版社@d2019.09
215    @a185页@c图@d24cm
225 2  @a扫码看视频@Asao ma kan shi pin@i种花新手系列
330    @a铁线莲是当下市场流行花卉品种,拥有数十万级粉丝。本书站在初学者的角度,主要介绍了铁线莲的基础知识,品种及类型,各种类型的栽培方法,管理要点,以及裸根苗上盆、夏冬季修剪、牵引、扦插等重点管护操作方法,常见病虫害及解决手段,观赏和花园中的运用,常见问题与解答。本书是对第一版的修订和补充,补充20个近2年市场上相对主流的新品种及其不同常规的特性,并详细说明新品种的栽培方法、管理要点等关键技术。
461  0 @12001 @a扫码看视频
462  0 @12001 @a种花新手系列
510 1  @aClematis:a beginner's guide@zeng
606 0  @a攀缘植物@Apan yuan zhi wu@x观赏园艺@j手册
690    @aS687.3-62@v5
711 02 @a新锐园艺工作室@Axin rui yuan yi gong zuo shi@4组编
801  0 @aCN@bBJSZM@c20201106
905    @b1192284-7@dS687.3-62@e613=2@f4
    
    铁线莲初学者手册=Clematis:a beginner's guide/新锐园艺工作室组编.-2版.-北京:中国农业出版社,2019.09
    185页:图;24cm.-(扫码看视频.种花新手系列)
    
    
    ISBN 978-7-109-25909-6:CNY49.00
    铁线莲是当下市场流行花卉品种,拥有数十万级粉丝。本书站在初学者的角度,主要介绍了铁线莲的基础知识,品种及类型,各种类型的栽培方法,管理要点,以及裸根苗上盆、夏冬季修剪、牵引、扦插等重点管护操作方法,常见病虫害及解决手段,观赏和花园中的运用,常见问题与解答。本书是对第一版的修订和补充,补充20个近2年市场上相对主流的新品种及其不同常规的特性,并详细说明新品种的栽培方法、管理要点等关键技术。
●
相关链接 在E读中查询图书 在五车中查询图书 在当当中查询图书 在豆瓣中查询图书


正题名:铁线莲初学者手册     索取号:S687.3-62/613=2         预约/预借

序号 登录号 条形码 馆藏地/架位号 状态 备注
1 1192284   211922847   第二样本阅览室/ [索取号:S687.3-62/613=2] 在馆    
2 1192285   211922856   第三借阅区/ [索取号:S687.3-62/613=2] 在馆    
3 1192286   211922865   第三借阅区/ [索取号:S687.3-62/613=2] 在馆    
4 1192287   211922874   第三借阅区/ [索取号:S687.3-62/613=2] 在馆    
唐山师范学院图书馆 欢迎您!
大连网信软件有限公司© 版权所有